000
00279nam a22001337a 4500
008
221031b ||||| |||| 00| 0 eng d
041
_a
eng
080
_2
VOLUME ON
_a
621
082
_a
621
100
_a
19.1
101
_a
PSY
245
_a
PHYSICS
_c
TAYLOR L
942
_2
udc
_c
BK
999
_c
58695
_d
58695